بچھڑی ہویی کونج : (Record no. 107555)

MARC details
000 -LEADER
fixed length control field 00919nam a22002537a 4500
005 - DATE AND TIME OF LATEST TRANSACTION
control field 20170123162328.0
010 ## - LIBRARY OF CONGRESS CONTROL NUMBER
LC control number B-050723
020 ## - INTERNATIONAL STANDARD BOOK NUMBER
Terms of availability 150.00
035 ## - SYSTEM CONTROL NUMBER
System control number B-050723
037 ## - SOURCE OF ACQUISITION
Source of stock number/acquisition Cen Lib/Ret
040 ## - CATALOGING SOURCE
Original cataloging agency DPL
Language of cataloging UR
082 ## - DEWEY DECIMAL CLASSIFICATION NUMBER
Classification number ک
Item number م ن ی
100 ## - MAIN ENTRY--PERSONAL NAME
Personal name منیر الدین احمد
9 (RLIN) 120066
245 ## - TITLE STATEMENT
Title بچھڑی ہویی کونج :
Statement of responsibility, etc منیر الدین احمد
Remainder of title اور دوسرے افسانے /
246 ## - VARYING FORM OF TITLE
Title proper/short title Bichadi huyi konj : aur doosre afsane /
Remainder of title by MuneerAlden Ahmad
260 ## - PUBLICATION, DISTRIBUTION, ETC. (IMPRINT)
Place of publication, distribution, etc نیی دہلی
Name of publisher, distributor, etc ایجوکیشنل پبلشنگ ہاؤس
Date of publication, distribution, etc 2000
270 ## - ADDRESS
City نیی دہلی
Address ٣١٠٨، گلی وکیل کچہ پنڈت، لال کون
Postal code 110002
300 ## - PHYSICAL DESCRIPTION
Extent 160p.
Dimensions 21cm(Hb)
650 ## - SUBJECT ADDED ENTRY--TOPICAL TERM
Topical term or geographic name as entry element اردو ادب
9 (RLIN) 120067
650 ## - SUBJECT ADDED ENTRY--TOPICAL TERM
Topical term or geographic name as entry element اردو افسانے
9 (RLIN) 120068
650 ## - SUBJECT ADDED ENTRY--TOPICAL TERM
Topical term or geographic name as entry element Urdu literature
9 (RLIN) 120069
650 ## - SUBJECT ADDED ENTRY--TOPICAL TERM
Topical term or geographic name as entry element Urdu stories
9 (RLIN) 120070
942 ## - ADDED ENTRY ELEMENTS (KOHA)
Source of classification or shelving scheme Dewey Decimal Classification
Koha item type Urdu Bks
Classification part ک
Call number suffix م ن ی
Holdings
Withdrawn status Lost status Damaged status Not for loan Home library Current library Date acquired Source of acquisition Cost, normal purchase price Total Checkouts Full call number Barcode Date last seen Copy number Cost, replacement price Price effective from Koha item type
        Central Library Central Library 08/01/2016 Cen Lib/Ret 150.00   ک م ن ی B-050723 08/01/2016 1 150.00 08/01/2016 Urdu Bks

© Delhi Public Library
Hit Counter
free hit counter